Normal view
MARC view
- TRB, Transportation Research Board National Academy of Sciences
Entry Corporate Name
001 - CONTROL NUMBER
- control field: 43713
003 - CONTROL NUMBER IDENTIFIER
- control field: NUST
005 - DATE AND TIME OF LATEST TRANSACTION
- control field: 20210314132737.0
008 - FIXED-LENGTH DATA ELEMENTS
- fixed length control field: 210314|| aca||aabn | a|a d
040 ## - CATALOGING SOURCE
- Original cataloging agency: NUST
- Transcribing agency: NUST
110 ## - HEADING--CORPORATE NAME
- Corporate name or jurisdiction name as entry element: TRB, Transportation Research Board National Academy of Sciences
670 ## - SOURCE DATA FOUND
- Source citation: Work cat.: (NUST): TRB, Transportation Research Board National Academy of Sciences, Shales and swelling soils., 1981.
